000
00237nam a2200097Ia 4500
008
220204s9999 xx 000 0 und d
082
_a
82-7
_b
ARC
245
0
_a
Archie's double digest
260
_a
New York
_b
Archie comic
_c
1985
942
_c
BK
999
_c
38640
_d
38640